|
|
|
|
| LEADER |
00629cam a2200169 7i4500 |
| 001 |
0000002805 |
| 005 |
19991025090000.0 |
| 002 |
##000004086 |
| 020 |
0 |
0 |
|a T000003911
|
| 090 |
0 |
0 |
|a LEAN 332.6
|b INV
|
| 245 |
0 |
0 |
|a Investor's guide :
|b Lebanon 1994.
|
| 260 |
0 |
0 |
|a Ashrafiej, Ghandour Al:
|b Etudes et Consultations Economiques,
|c 1994.
|
| 300 |
0 |
0 |
|a 235p.
|
| 500 |
0 |
0 |
|a The book act as a guide to familiarise investors with the beneficiary data and or analysis that could direct their operations in the Lebanese market
|
| 650 |
0 |
0 |
|a Investments --
|z Lebanon
|
| 651 |
0 |
0 |
|a Lebanon
|
| 999 |
|
|
|a 0000004587
|b Book
|c Open shelf
|e Business Information Centre
|